|
|
|
|
| LEADER |
00000naa2a2200000 4500 |
| 001 |
194204 |
| 005 |
20231031182225.0 |
| 035 |
|
|
|a (RuTPU)RU\TPU\book\211807
|
| 090 |
|
|
|a 194204
|
| 100 |
|
|
|a 20110407d2010 k y0rusy50 ca
|
| 101 |
0 |
|
|a rus
|
| 102 |
|
|
|a RU
|
| 200 |
1 |
|
|a Байкальский регион - как реальный и потенциальный источник обеспечения минерально-сырьевой базы развития ядерно-энергетического комплекса России и проблемы реализации проектов их освоения
|f Л. П. Рихванов, Г. А. Машковец, Д. А. Самович
|
| 463 |
|
0 |
|0 (RuTPU)RU\TPU\book\208570
|y 978-5-7925-0274-1
|t Приоритеты Байкальского региона в Азиатской геополитике России
|o материалы IV Международной научно-практической конференции, посвященной 350-летию добровольного вхождения Бурятии в состав Российского государства 5-9 июля 2010 г., Улан-Удэ
|f Фонд содействия сохранению озера Байкал ; Группа компаний "Метрополь" ; Корпорация "Металлы Восточной Сибири" ; Российская академия наук (РАН), Сибирское отделение (СО), Байкальский институт природопользования (БИП) ; Российский фонд фундаментальных исследований (РФФИ) ; Российское химическое общество им. Д. И. Менделеева, Бурятское отделение ; Русское географическое общество (РГО), Бурятское отделение ; под ред. А. К. Тулохонова
|v С. 64-66
|d 2010
|p 173 с.
|
| 610 |
1 |
|
|a ядерно-энергетический комплекс
|
| 610 |
1 |
|
|a минерально-сырьевая база
|
| 610 |
1 |
|
|a энергетика
|
| 610 |
1 |
|
|a Байкальский регион
|
| 610 |
1 |
|
|a труды учёных ТПУ
|
| 700 |
|
1 |
|a Рихванов
|b Л. П.
|c российский ученый, геолог
|c профессор Томского политехнического университета, доктор геолого-минералогических наук
|c заслуженный геолог РФ
|c почетный работник высшего образования РФ
|f 1945-
|g Леонид Петрович
|2 stltpush
|3 (RuTPU)RU\TPU\pers\23187
|
| 701 |
|
1 |
|a Машковец
|b Г. А.
|
| 701 |
|
1 |
|a Самович
|b Д. А.
|
| 801 |
|
1 |
|a RU
|b 63413507
|c 20110407
|
| 801 |
|
2 |
|a RU
|b 63413507
|c 20111226
|g RCR
|
| 942 |
|
|
|c BK
|